| 000 | 00633nam a22002297a 4500 | ||
|---|---|---|---|
| 003 | OSt | ||
| 005 | 20140310182442.0 | ||
| 008 | 130803t xxu||||| |||| 00| 0 eng d | ||
| 020 | _a9789710445486 | ||
| 050 |
_aQD 45 _b.C734 2009 |
||
| 110 |
_aCommittee on Chemistry Laboratory _97415 |
||
| 245 | _aLaboratory Manual General Chemistry / | ||
| 260 |
_aManila : _bMindshapers Co., Inc., _cc2009. |
||
| 300 |
_a92 p. : _bill. ; _c26 cm. |
||
| 610 |
_aLaboratory Manual General Chemistry _97416 |
||
| 942 |
_2lcc _cSSLC |
||
| 999 |
_c13539 _d13539 |
||